Landen van Afrika - Kaartquiz - Statistieken

Algemene statistieken
  • Deze quiz is 406 keer genomen
  • De gemiddelde score is 28 van 54
Antwoorden op de kaart
Antwoorden kleurgecodeerd door een groen-rode schaal op de quizkaart volgens % correct hieronder.
 
Antwoordstatistieken
Antwoord % Correct
Marokko
87%
Algerije
86%
Egypte
82%
Tunesië
76%
Madagaskar
73%
Congo (Dem. Rep.)
72%
Libië
72%
Zuid-Afrika
72%
Centraal-Afrikaanse Republiek
67%
Soedan
67%
Ethiopië
65%
Somalië
65%
Zuid-Soedan
63%
Tsjaad
62%
Eritrea
60%
Namibië
58%
Djibouti
57%
Lesotho
57%
Angola
56%
Congo (Rep. of)
55%
Niger
55%
Eswatini
53%
Kenia
53%
Mozambique
52%
Nigeria
51%
Rwanda
51%
Kaapverdië
50%
Tanzania
50%
Ivoorkust
48%
Mauritanië
48%
Burundi
47%
Oeganda
46%
Botswana
45%
Equatoriaal-Guinea
45%
Malawi
45%
Senegal
45%
Burkina Faso
43%
Comoren
43%
Kameroen
43%
Mali
43%
Sao Tomé en Principe
43%
Seychellen
43%
Mauritius
42%
Togo
42%
Zambia
42%
Gambia
41%
Zimbabwe
40%
Guinee-Bissau
37%
Ghana
35%
Benin
34%
Gabon
34%
Sierra Leone
33%
Guinee
32%
Liberia
32%
Geen overeenkomende quizzen gevonden
Scoreverdeling
Procent van Mensen met Elke Score
Percentiel versus Aantal Correcte Antwoorden
Uw Scoregeschiedenis
U heeft deze quiz nog niet genomen